000 00413nam a2200157Ia 4500
008 121008t2010 xxu||||| |||| 00| 0 sin d
041 _asin
080 _ax 8 S 3 (Youth)
_bGUN
245 _aයාපනයට පාලමක්
246 _aYapanayata Palamak
260 _aKurulu Book
_aRajagiriya
_c2010
300 _b162p, 21 cm
942 _cBK
999 _c42164
_d42164
003 LK-CoDNM
040 _aLK-CoDNM
_dLK-CoDNM
_eLK-CoDNM